| 000 | 00665nam a2200193Ia 4500 | ||
|---|---|---|---|
| 999 |
_c39839 _d39839 |
||
| 001 | 6444 | ||
| 003 | GE_BSU | ||
| 005 | 20191011163016.0 | ||
| 008 | 181216s1982||||ge |||||||||||||| ||geo|| | ||
| 040 | _cGE_BSU | ||
| 080 | _a82-93 ბ-52 | ||
| 100 |
_aბერიანიძე, ნიკოლოზ. _94699 |
||
| 245 |
_aნიშნების საუბარი : _bპიესა ერთ მოქმედებად / |
||
| 264 |
_aთბილისი : _bხელოვნება ; _c1982. |
||
| 300 |
_a31 გვ. ; _c17 სმ. |
||
| 653 | _aნიშნების საუბარი | ||
| 653 | _aპიესა | ||
| 942 |
_cBK _2udc |
||